Impact of land acquisition for industrial purpose on farmers life: a case study of RIICO industrial area (Record no. 15135)
[ view plain ]
| 000 -LEADER | |
|---|---|
| fixed length control field | 00595nam a2200169Ia 4500 |
| 082 ## - DEWEY DECIMAL CLASSIFICATION NUMBER | |
| Classification number | RP.0268 |
| 100 ## - MAIN ENTRY--AUTHOR NAME | |
| Personal name | Prasad, Awadh |
| 245 #0 - TITLE STATEMENT | |
| Title | Impact of land acquisition for industrial purpose on farmers life: a case study of RIICO industrial area |
| 260 ## - PUBLICATION, DISTRIBUTION, ETC. (IMPRINT) | |
| Year of publication | 2006 |
| Name of publisher | Indian Council of Social Science Research, New Delhi |
| 300 ## - PHYSICAL DESCRIPTION | |
| Number of Pages | 128 |
| 504 ## - BIBLIOGRAPHY, ETC. NOTE | |
| Bibliography, etc | includes appendices and bibliography |
| 650 ## - SUBJECT ADDED ENTRY--TOPICAL TERM | |
| Topical Term | Rural industries |
| Geographic subdivision | Rajasthan |
| 650 ## - SUBJECT ADDED ENTRY--TOPICAL TERM | |
| Topical Term | Industrialization |
| Geographic subdivision | Rajasthan |
| 650 ## - SUBJECT ADDED ENTRY--TOPICAL TERM | |
| Topical Term | Industries |
| Form subdivision | Environmental aspects |
| Geographic subdivision | Rajasthan |
| 650 ## - SUBJECT ADDED ENTRY--TOPICAL TERM | |
| Topical Term | Land use, Rural |
| Geographic subdivision | Rajasthan |
| 942 ## - ADDED ENTRY ELEMENTS (KOHA) | |
| Koha item type | Research Reports |
| Source of classification or shelving scheme | Dewey Decimal Classification |
| Withdrawn status | Lost status | Damaged status | Not for loan | Collection code | Home library | Current library | Date acquired | Source of acquisition | Bill Date | Full call number | Accession Number | Price effective from | Koha item type |
|---|---|---|---|---|---|---|---|---|---|---|---|---|---|
| Not For Loan | Minor Research project Reports | NASSDOC Library | NASSDOC Library | 13/10/2008 | Gifted by : R P Division, ICSSR | 2008-09-10 | RP.0268 | 44650 | 18/04/2019 | Research Reports |
